The Brethren
This novel is set in the climactic months before the opening of the Third Crusade, called the Kings’ Crusade. The Brethren is a classic tale of love and chivalry, unfolding amidst the touching story of two English knights who are in love with the same maiden. The devotion of these men is tested when...
Spremljeno u:
| Glavni autor: | |
|---|---|
| Format: | Книга |
| Teme: | |
| Online pristup: | Перейти к просмотру издания |
| Oznake: |
Dodaj oznaku
Bez oznaka, Budi prvi tko označuje ovaj zapis!
|
| LEADER | 01688nam0a2200361 4500 | ||
|---|---|---|---|
| 001 | RU/IPR SMART/84607 | ||
| 856 | 4 | |u https://www.iprbookshop.ru/84607.html |z Перейти к просмотру издания | |
| 801 | 1 | |a RU |b IPR SMART |c 20250903 |g RCR | |
| 010 | |a 978-5-521-06615-5 | ||
| 205 | |a The Brethren |b Весь срок охраны авторского права | ||
| 333 | |a Весь срок охраны авторского права | ||
| 100 | |a 20250903d2018 k y0rusy01020304ca | ||
| 105 | |a y j 000zy | ||
| 101 | 0 | |a rus | |
| 102 | |a RU | ||
| 200 | 1 | |a The Brethren |f H. R. Haggard | |
| 700 | 1 | |a Haggard, |b H. R. |4 070 | |
| 330 | |a This novel is set in the climactic months before the opening of the Third Crusade, called the Kings’ Crusade. The Brethren is a classic tale of love and chivalry, unfolding amidst the touching story of two English knights who are in love with the same maiden. The devotion of these men is tested when their beloved is carried away against her will to Palestine and eventually to the court of the famous Muslim leader, Saladin. | ||
| 210 | |a Москва |c T8RUGRAM |d 2018 | ||
| 610 | 1 | |a художественная литература | |
| 610 | 1 | |a английский язык | |
| 610 | 1 | |a зарубежная проза | |
| 610 | 1 | |a классика | |
| 610 | 1 | |a роман | |
| 675 | |a 82 | ||
| 686 | |a 84 |2 rubbk | ||
| 300 | |a Книга находится в премиум-версии IPR SMART. | ||
| 106 | |a s | ||
| 230 | |a Электрон. дан. (1 файл) | ||
| 336 | |a Текст | ||
| 337 | |a электронный | ||
| 503 | 0 | |a Доступна эл. версия. IPR SMART | |
| 215 | |a 467 с. | ||